Dos : the Complete reference

Bibliographic Details
Main Author: Jamsa, Kris
Format: Book
Published: Berkeley : Osborne McGraw-Hill , 1993
Edition:4th edition
Subjects:

MARC

LEADER 00000cam a2200000 7i4500
001 0000004397
002 000004727
005 20000330.0
020 |a 0078819040 
090 0 0 |a 005.43   |b JAM 
100 1 |a Jamsa, Kris 
245 1 0 |a Dos :   |b the Complete reference   |c by Kris Jamsa 
250 |a 4th edition 
260 |a Berkeley :   |b Osborne McGraw-Hill ,   |c 1993 
300 |a 1121p. ;   |c 25cm. 
650 0 0 |a Disk Operating System#   |a DOS 
999 |a 032991   |b BUKU   |c PINJAMAN   |e PERPUSTAKAAN KOMUNITI PETALING JAYA 
999 |a 032992   |b BUKU   |c PINJAMAN   |e PERPUSTAKAAN KOMUNITI PETALING JAYA